000 00643nam a2200229 a 4500
001 26736
003 CO-ViMGA
008 141112s2004 ck r 000 u spa d
020 _a9789974679634
040 _aCO-ViMGA
_bspa
_cCO-ViMGA
090 _aC WERn
100 1 _aWerner, Silvia
_941409
245 1 0 _aEl nido viajero /
_cSilvia Werner ; ilustrador Bruno Fernández
250 _a1a. ed.
260 _aUruguay :
_bLatinbooks,
_c2008
300 _a48 p. : il. ; 24 cm.
490 _aEcocuentos
650 1 4 _aCuentos infantiles uruguayos
650 1 4 _aEducación ambiental
650 1 4 _aLibros didácticos
_933695
942 _2ddc
_cBK
999 _c10083
_d10083